<?xml version="1.0" encoding="UTF-8"?>
<record
    xmlns:xsi="http://www.w3.org/2001/XMLSchema-instance"
    xsi:schemaLocation="http://www.loc.gov/MARC21/slim http://www.loc.gov/standards/marcxml/schema/MARC21slim.xsd"
    xmlns="http://www.loc.gov/MARC21/slim">

  <leader>00339nam a22001217a 4500</leader>
  <datafield tag="040" ind1=" " ind2=" ">
    <subfield code="c">HS</subfield>
  </datafield>
  <datafield tag="082" ind1=" " ind2=" ">
    <subfield code="a">571</subfield>
  </datafield>
  <datafield tag="100" ind1=" " ind2=" ">
    <subfield code="a">&#x1782;&#x17B8; &#x179C;&#x178E;&#x17D2;&#x178E;&#x17B6;&#x179A;&#x17B7;&#x1791;&#x17D2;&#x1792;</subfield>
  </datafield>
  <datafield tag="245" ind1=" " ind2=" ">
    <subfield code="a">&#x179F;&#x179A;&#x17B8;&#x179A;&#x17C8;&#x179A;&#x17B7;&#x1791;&#x17D2;&#x1799;&#x17B6;&#x178F;&#x17D2;&#x179A;&#x17B8; The physiology of fishes</subfield>
  </datafield>
  <datafield tag="260" ind1=" " ind2=" ">
    <subfield code="a">RUA</subfield>
    <subfield code="b">&#x1782;&#x17B8; &#x179C;&#x178E;&#x17D2;&#x178E;&#x17B6;&#x179A;&#x17B7;&#x1791;&#x17D2;&#x1791; </subfield>
    <subfield code="c">2001</subfield>
  </datafield>
  <datafield tag="300" ind1=" " ind2=" ">
    <subfield code="a">40p;</subfield>
  </datafield>
  <datafield tag="942" ind1=" " ind2=" ">
    <subfield code="c">KB</subfield>
  </datafield>
  <datafield tag="999" ind1=" " ind2=" ">
    <subfield code="c">8835</subfield>
    <subfield code="d">8835</subfield>
  </datafield>
  <datafield tag="952" ind1=" " ind2=" ">
    <subfield code="0">0</subfield>
    <subfield code="1">0</subfield>
    <subfield code="4">0</subfield>
    <subfield code="6">571_000000000000000_&#x1782;&#x17B8;_2001_C162</subfield>
    <subfield code="7">0</subfield>
    <subfield code="9">49803</subfield>
    <subfield code="a">LBC</subfield>
    <subfield code="b">LBC</subfield>
    <subfield code="c">B162</subfield>
    <subfield code="d">2016-08-16</subfield>
    <subfield code="o">571 &#x1782;&#x17B8; 2001 C162</subfield>
    <subfield code="p">RUA43990</subfield>
    <subfield code="r">2016-08-16</subfield>
    <subfield code="y">KB</subfield>
  </datafield>
</record>
